| 000 | 00828aam a2200313 4500 | ||
|---|---|---|---|
| 005 | 20260217162240.0 | ||
| 008 | 150408b2007 xxu||||| |||| 00| 0 spa d | ||
| 020 | _a9789507432941 | ||
| 041 | _aESP | ||
| 082 | _a364 G237c | ||
| 100 |
_aGarófalo, Rafael _952746 |
||
| 245 | _aCriminología: estudio sobre el delito y la teoría de la represión | ||
| 260 | _aArgentina | ||
| 260 | _bValletta Ediciones | ||
| 260 | _c2007 | ||
| 300 | _a340 páginas | ||
| 490 | _aInvestigación Criminal | ||
| 650 | _aCRIMINOLOGÍA | ||
| 650 | _aDELITO | ||
| 650 | _aDELITO NATURAL | ||
| 650 | _aCRIMINALIDAD | ||
| 650 | _aANOMALÍA CRIMINAL | ||
| 650 | _aTIPOS DE CRIMINALES | ||
| 650 | _aINSTINTOS CRIMINALES | ||
| 650 | _aREPRESIÓN | ||
| 650 | _aPENALIDAD | ||
| 650 | _aPSICOLOGÍA CRIMINAL | ||
| 942 |
_cBK _2ddc |
||
| 999 |
_c11728 _d11728 |
||